000 00922nam a22002171i 4500
001 181607
003 ES-MaACL
005 20250913172602.0
008 130222s1913 sp |||| | spa d
080 _a821.134.2-94"16"
100 1 _aGalán, Diego,
_dfl. 1589-1600
_9152347
245 1 0 _aCautiverio y trabajos de Diego Galán, natural de Consuegra y vecino de Toledo :
_b1589-1600 /
_clos publica la Sociedad de Bibliófilos Españoles ; [introducción por Manuel Serrano y Sanz].
260 _aMadrid :
_bSociedad de Bibliófilos Españoles,
_c1913 (
_fImp. Ibérica])
300 _aXCV, 448 p. ;
_c24 cm.
490 1 _aSociedad de Bibliófilos Españoles ;
_v37
700 1 _aSerrano y Sanz, Manuel,
_d1868-1932
_9105809
710 2 _aSociedad de Bibliófilos Españoles.
_96661
830 1 0 _aSociedad de Bibliófilos Españoles
_v37
_9187662
852 4 _aES-MaACL
_jJ-7(37)
999 _c181607
_d181607